000 00517nam a22001937a 4500
003 OSt
005 20140310182836.0
008 130606t xxu||||| |||| 00| 0 eng d
020 _a9781926692401
050 _aQL 47.2
_b.B879 2010
082 _21st ed.
_aM 590
_bB879 2010
245 _aZoology
_cBrown, Margaret
250 _a1st ed.
260 _aOakville :
_bApple Academic Press Inc.,
_cc2010.
300 _a303 p.
_bill. ;
_c24 cm.
521 _aCollege Students
526 _c1210L-1700L
942 _2lcc
_cBK
_kM
999 _c16762
_d16762